Score 0/28 Timer 02:00
1 Play Today
Hint Answer % Correct
Without cost or paymentFREE
96.1%
❶ A tiny apple beginning . . . ❶SEED
95.9%
❻ . . . in which this will be found. ❻SEED
95.9%
❷ . . . which can grow into this . . . ❷TREE
94.5%
Us and ____THEM
92.9%
Astaire, MacMurray, or CouplesFRED
91.7%
Archaic (or biblical) word for 'you'THEE
90.8%
Grain and hay for livestockFEED
90.7%
Staircase unitSTEP
85.6%
To slowly leak through SEEP
84.5%
Retain possession KEEP
84.3%
❺ . . . and can be eaten down to this . . . ❺CORE
84.3%
Small skin openingPORE
76.1%
❸ . . . producing fruit that hangs from this . . . ❸STEM
74.4%
Hint Answer % Correct
Noah’s eldest sonSHEM
73.9%
Burrowing mammal MOLE
73.2%
Secret language systemCODE
71.9%
Ship harbor localePORT
71%
Shape or form clayMOLD
70.9%
Unwanted wild plantWEED
70.8%
Join metals by heatWELD
68.4%
❹ —a fruit that is covered in this . . . ❹PEEL
67.5%
Blend or combineMELD
67%
The bottom of a hullKEEL
65.7%
Manner in which something is doneMODE
64.7%
Boggy mossPEAT
57.5%
Loud ringing of a bellPEAL
56.3%
Lively, jaunty, cheekyPERT
53.8%

Today's Daily Dose

Missing Word
'T' Pairs

Word Ladder
Game Pieces

Get the Picture
Baseball Movies

Remove Ads.
Support Sporcle.
Get the best of Sporcle when you Go Orange. This ad-free experience offers more features, more stats, and more fun while also helping to support Sporcle. Thank you for becoming a member.

You're not logged in!

Compare scores with friends on all Sporcle quizzes.
OR
Log In

Show Comments

Extras

Top Quizzes Today


Score Distribution

Your Account Isn't Verified!

In order to create a playlist on Sporcle, you need to verify the email address you used during registration. Go to your Sporcle Settings to finish the process.

Report this User

Report this user for behavior that violates our Community Guidelines.

Details: